[Event "Chicago op 32nd"]
[Site "Chicago"]
[Date "2023.05.26"]
[Round "2"]
[White "Lopez, Romero Mauro Albert"]
[Black "Mulyar, Michael A"]
[Result "1/2-1/2"]
[WhiteElo "2045"]
[BlackElo "2364"]
[PlyCount "94"]
[EventDate "2023.05.25"]
[EventType "swiss"]
[EventRounds "9"]
[EventCountry "USA"]
[SourceTitle "CBM 214 Extra"]
[Source "ChessBase"]
[SourceDate "2023.07.31"]
[SourceVersion "1"]
[SourceVersionDate "2023.07.31"]
[SourceQuality "1"]

1. e4 e5 2. Nf3 Nc6 3. Bb5 a6 4. Ba4 Nf6 5. 0-0 b5 6. Bb3 Bc5 7. a4 Rb8 8. axb5 axb5 9. c3 d6 10. h3 0-0 11. d4 Bb6 12. Na3 Bb7 13. Bc2 exd4 14. Nxb5 dxc3 15. Nxc3 h6 16. Re1 Re8 17. Be3 Nb4 18. Bxb6 Nxc2 19. Qxc2 cxb6 20. Rad1 Qe7 21. Rd4 Bc6 22. Qd2 Rbd8 23. Re3 Nd7 24. Rxd6 Ne5 25. Rxd8 Rxd8 26. Qe2 Nxf3+ 27. Rxf3 b5 28. Nxb5 Qxe4 29. Qxe4 Bxe4 30. Re3 f5 31. Nc3 Bd3 32. b4 Kf7 33. Re5 Rc8 34. Rc5 Rxc5 35. bxc5 Bc4 36. f4 Ke6 37. Kf2 Kd7 38. Ke3 Bf1 39. h4 Bxg2 40. Kd4 Ke6 41. Kc4 g5 42. hxg5 hxg5 43. fxg5 f4 44. Kd4 Kf5 45. Ne2 Kxg5 46. Nxf4 Kxf4 47. c6 Bxc6 1/2-1/2

[Event "Noblesville Snow Memorial"]
[Site "Noblesville"]
[Date "2022.09.18"]
[Round "5"]
[White "Smith, Josh"]
[Black "Lopez, Romero Mauro Albert"]
[Result "0-1"]
[WhiteElo "1983"]
[BlackElo "2268"]
[PlyCount "88"]
[EventDate "2022.09.16"]
[EventType "swiss"]
[EventRounds "5"]
[EventCountry "USA"]
[SourceTitle "EXT 2023"]
[Source "ChessBase"]
[SourceDate "2022.10.05"]
[SourceVersion "1"]
[SourceVersionDate "2022.10.05"]
[SourceQuality "1"]

1. d4 Nf6 2. c4 e6 3. Nc3 Bb4 4. a3 Bxc3+ 5. bxc3 b6 6. f3 Nc6 7. e4 Ba6 8. Bd3 Na5 9. Qe2 c5 10. d5 d6 11. f4 exd5 12. e5 0-0 13. Nf3 Bxc4 14. exf6 Re8 15. Be3 Bxd3 16. Qxd3 Nc4 17. 0-0 Nxe3 18. fxg7 Qf6 19. Ng5 Qg6 20. Qxg6 hxg6 21. Rf2 f6 22. Nf3 Kxg7 23. Rd2 Re4 24. Kf2 Rae8 25. Rd3 d4 26. cxd4 c4 27. Rc3 b5 28. Rb1 a6 29. h3 Nd5 30. Rc2 Nxf4 31. a4 Re2+ 32. Rxe2 Rxe2+ 33. Kg3 g5 34. Ne1 b4 35. Kf3 c3 36. g3 Rb2 37. Rd1 Nxh3 38. Nd3 g4+ 39. Ke3 Rb3 40. a5 c2 41. Rc1 Nf2 42. Kxf2 Rxd3 43. Rxc2 Rc3 44. Rb2 b3 0-1